000 00592nam a2200193 a 4500
005 20220518160632.0
008 991125n 000 0 spa u
035 _aUPN01000064351
100 1 _aSánchez Azuara, Gilberto
_929931
222 _aEDUCACION :
_bREVISTA DEL CONSEJO NACIONAL TECNICO DE LA EDUCACION
245 _aLa aplicación de los programas por objetivos
300 _a72-74
362 0 _a1975 3a época, vol. 3, no. 11, ene.-feb.
653 0 _aCURRICULUM
653 0 _aDISEÑO CURRICULAR
653 0 _aOBJETIVOS EDUCATIVOS
904 _aAC
_b002162
905 _aArticulo
999 _c62541
_d62541